|
|
|
|
| LEADER |
01065naa a2200253 i 4500 |
| 001 |
acta78581 |
| 005 |
20230324104034.0 |
| 008 |
230324s2022 hu o 1|| eng d |
| 020 |
|
|
|a 978-963-306-904-2
|
| 040 |
|
|
|a SZTE Egyetemi Kiadványok Repozitórium
|b hun
|
| 041 |
|
|
|a eng
|
| 100 |
1 |
|
|a Glišić Milan
|
| 245 |
1 |
0 |
|a Dynamics of physical and chemical parameters of the Sava river near Šabac, Serbia
|h [elektronikus dokumentum] :
|b [abstract] /
|c Glišić Milan
|
| 260 |
|
|
|c 2022
|
| 300 |
|
|
|a 404
|
| 490 |
0 |
|
|a Proceedings of the International Symposium on Analytical and Environmental Problems
|v 28
|
| 650 |
|
4 |
|a Természettudományok
|
| 650 |
|
4 |
|a Kémiai tudományok
|
| 695 |
|
|
|a Száva folyó - analitikai kémia - előadáskivonat
|
| 700 |
0 |
1 |
|a Tanasić Ljiljana
|e aut
|
| 700 |
0 |
1 |
|a Knežević Suzana
|e aut
|
| 700 |
0 |
1 |
|a Tanasić Jelena
|e aut
|
| 711 |
|
|
|a 28th International Symposium on Analytical and Environmental Problems
|c Szeged
|d 2022. november 14-15.
|
| 856 |
4 |
0 |
|u http://acta.bibl.u-szeged.hu/78581/1/proceedings_of_isaep_2022_404.pdf
|z Dokumentum-elérés
|